[Event "Mitropa Cup 33rd"]
[Site "Ruzomberok"]
[Date "2014.05.25"]
[Round "3.1"]
[White "Ruck, Robert"]
[Black "Duda, Jan Krzysztof"]
[Result "1/2-1/2"]
[WhiteElo "2572"]
[BlackElo "2587"]
[PlyCount "95"]
[EventDate "2014.05.23"]
[EventType "team-tourn"]
[EventRounds "9"]
[EventCountry "SVK"]
[Source "ChessBase"]
[SourceDate "2014.07.01"]
[WhiteTeam "Hungary"]
[BlackTeam "Poland"]
[WhiteTeamCountry "HUN"]
[BlackTeamCountry "POL"]

1. Nf3 Nf6 2. g3 d5 3. Bg2 e6 4. O-O Be7 5. d4 b5 6. b3 O-O 7. c4 c6 8. Nbd2
Nbd7 9. Qc2 bxc4 10. bxc4 Ba6 11. Re1 Rb8 12. c5 Re8 13. Bb2 Bf8 14. Bc3 g6 15.
e3 Bg7 16. Rab1 Rxb1 17. Rxb1 Qa8 18. Bf1 Bxf1 19. Kxf1 Ng4 20. h3 Nh6 21. Nb3
Qc8 22. Ne5 Nb8 23. Na5 f6 24. Ng4 Nf7 25. Rb7 e5 26. dxe5 fxe5 27. Rxa7 Qe6
28. Qb1 h5 29. Nh2 Rf8 30. Ra8 Nd7 31. Rxf8+ Bxf8 32. Qb7 Qf5 33. Qxc6 Nf6 34.
Be1 Kg7 35. Nb3 Qxh3+ 36. Kg1 Ng5 37. Nd2 e4 38. Qb7+ Kh6 39. Qa6 Ng4 40. Nxg4+
hxg4 41. c6 Nf3+ 42. Nxf3 gxf3 43. Qf1 Qc8 44. Bc3 Kh7 45. Qb5 Qh3 46. Qf1 Qc8
47. Qb5 Qh3 48. Qf1 1/2-1/2

[Event "Mitropa Cup 33rd"]
[Site "Ruzomberok"]
[Date "2014.05.28"]
[Round "6.1"]
[White "Ruck, Robert"]
[Black "Michalik, Peter"]
[Result "1/2-1/2"]
[WhiteElo "2572"]
[BlackElo "2562"]
[PlyCount "42"]
[EventDate "2014.05.23"]
[EventType "team-tourn"]
[EventRounds "9"]
[EventCountry "SVK"]
[Source "ChessBase"]
[SourceDate "2014.07.01"]
[WhiteTeam "Hungary"]
[BlackTeam "Slovakia"]
[WhiteTeamCountry "HUN"]
[BlackTeamCountry "SVK"]

1. Nf3 d5 2. d4 Nf6 3. c4 c6 4. Nc3 e6 5. e3 Nbd7 6. Qc2 Bd6 7. b3 b6 8. Be2
Bb7 9. O-O O-O 10. Bb2 Qe7 11. Rfe1 Rac8 12. e4 Nxe4 13. Nxe4 dxe4 14. Qxe4 Bb4
15. Red1 Nf6 16. Qc2 Bd6 17. Re1 Rfd8 18. Rad1 Bb4 19. Rf1 Bd6 20. Rfe1 Bb4 21.
Rf1 Bd6 1/2-1/2

[Event "Mitropa Cup 33rd"]
[Site "Ruzomberok"]
[Date "2014.05.26"]
[Round "4.5"]
[White "Ruck, Robert"]
[Black "Shengelia, Davit"]
[Result "1-0"]
[WhiteElo "2572"]
[BlackElo "2562"]
[PlyCount "123"]
[EventDate "2014.05.23"]
[EventType "team-tourn"]
[EventRounds "9"]
[EventCountry "SVK"]
[Source "ChessBase"]
[SourceDate "2014.07.01"]
[WhiteTeam "Hungary"]
[BlackTeam "Austria"]
[WhiteTeamCountry "HUN"]
[BlackTeamCountry "AUT"]

1. Nf3 d5 2. d4 Nf6 3. c4 e6 4. Nc3 Bb4 5. Bg5 h6 6. Bxf6 Qxf6 7. e3 O-O 8. Rc1
dxc4 9. Bxc4 c5 10. O-O cxd4 11. Ne4 Qe7 12. exd4 Rd8 13. Qe2 Bd7 14. a3 Bd6
15. Rfd1 Bf4 16. Rc3 Ba4 17. Bb3 Bxb3 18. Rxb3 Nc6 19. g3 Bg5 20. Nexg5 hxg5
21. d5 g4 22. dxc6 gxf3 23. Rxd8+ Rxd8 24. Qxf3 bxc6 25. Qxc6 Qf6 26. Kg2 a5
27. Qc7 Rd5 28. Rf3 Qg6 29. Rf4 f5 30. Qb8+ Kf7 31. Rc4 Qf6 32. Rc7+ Kg6 33.
Qe8+ Kh7 34. Qh5+ Kg8 35. Qe8+ Kh7 36. Qh5+ Kg8 37. b4 axb4 38. axb4 Rd8 39.
Qe2 e5 40. Qc4+ Kh7 41. Rf7 Qg5 42. Qe6 f4 43. Rf5 Qg4 44. Qxe5 fxg3 45. hxg3
Qc4 46. Rf4 Qc6+ 47. Qe4+ Qxe4+ 48. Rxe4 Rd2 49. b5 Rb2 50. Re5 Kg6 51. Kf3 Kf6
52. Rc5 g6 53. g4 Rb3+ 54. Kf4 g5+ 55. Ke4 Rb4+ 56. Kf3 Rb3+ 57. Kg2 Rb2 58.
Rf5+ Kg6 59. Kf1 Rb4 60. f3 Rb2 61. Ke1 Kh6 62. Kd1 1-0

[Event "Mitropa Cup 33rd"]
[Site "Ruzomberok"]
[Date "2014.05.29"]
[Round "7.1"]
[White "Michalik, Peter"]
[Black "Shengelia, Davit"]
[Result "1-0"]
[WhiteElo "2562"]
[BlackElo "2562"]
[PlyCount "69"]
[EventDate "2014.05.23"]
[EventType "team-tourn"]
[EventRounds "9"]
[EventCountry "SVK"]
[Source "ChessBase"]
[SourceDate "2014.07.01"]
[WhiteTeam "Slovakia"]
[BlackTeam "Austria"]
[WhiteTeamCountry "SVK"]
[BlackTeamCountry "AUT"]

1. d4 Nf6 2. c4 e6 3. Nf3 d5 4. Nc3 Bb4 5. cxd5 exd5 6. Bg5 Nbd7 7. e3 c5 8.
Bb5 O-O 9. O-O Bxc3 10. bxc3 c4 11. Bxd7 Bxd7 12. Ne5 Bf5 13. Qf3 Be4 14. Bxf6
gxf6 15. Qg3+ Kh8 16. f3 Bg6 17. Ng4 Re8 18. e4 dxe4 19. fxe4 Rxe4 20. Nxf6 Re6
21. Ng4 Qg5 22. h4 Qd5 23. Rae1 b5 24. Rxe6 Qxe6 25. Nf6 Bd3 26. Rf3 Rd8 27. h5
b4 28. Qg5 b3 29. axb3 cxb3 30. Rg3 Bg6 31. hxg6 fxg6 32. Rh3 Rd7 33. Nxd7 Qxd7
34. Qe5+ Kg8 35. Qb8+ 1-0

[Event "Mitropa Cup 33rd"]
[Site "Ruzomberok"]
[Date "2014.05.26"]
[Round "4.1"]
[White "Duda, Jan Krzysztof"]
[Black "Zilka, Stepan"]
[Result "1-0"]
[WhiteElo "2587"]
[BlackElo "2549"]
[PlyCount "79"]
[EventDate "2014.05.23"]
[EventType "team-tourn"]
[EventRounds "9"]
[EventCountry "SVK"]
[Source "ChessBase"]
[SourceDate "2014.07.01"]
[WhiteTeam "Poland"]
[BlackTeam "Czech Republic"]
[WhiteTeamCountry "POL"]
[BlackTeamCountry "CZE"]

1. e4 e5 2. Nf3 Nc6 3. Bb5 Nf6 4. O-O Nxe4 5. d4 Nd6 6. Bxc6 dxc6 7. dxe5 Nf5
8. Qxd8+ Kxd8 9. h3 h6 10. Nc3 Bd7 11. Rd1 Kc8 12. a4 a5 13. b3 b6 14. Bb2 Ne7
15. Ne2 c5 16. Nf4 Bf5 17. Rd2 g5 18. Nh5 Be6 19. c4 Kb7 20. Kh2 Ng6 21. g4 Be7
22. Kg3 Rhd8 23. Rad1 Rxd2 24. Rxd2 Rd8 25. Bc3 Rxd2 26. Nxd2 Bd7 27. f4 gxf4+
28. Nxf4 Bh4+ 29. Kf3 Bg5 30. Nd5 h5 31. gxh5 Nh4+ 32. Kf2 Bxh3 33. Ne4 Bd8 34.
Ndf6 Bf5 35. Kg3 Bxe4 36. Nxe4 Nf5+ 37. Kf4 Ng7 38. h6 Ne6+ 39. Kf5 Nf8 40. Ng5
1-0

[Event "Mitropa Cup 33rd"]
[Site "Ruzomberok"]
[Date "2014.05.30"]
[Round "8.1"]
[White "Ruck, Robert"]
[Black "Zilka, Stepan"]
[Result "1-0"]
[WhiteElo "2572"]
[BlackElo "2549"]
[PlyCount "63"]
[EventDate "2014.05.23"]
[EventType "team-tourn"]
[EventRounds "9"]
[EventCountry "SVK"]
[Source "ChessBase"]
[SourceDate "2014.07.01"]
[WhiteTeam "Hungary"]
[BlackTeam "Czech Republic"]
[WhiteTeamCountry "HUN"]
[BlackTeamCountry "CZE"]

1. Nf3 d5 2. g3 Nf6 3. Bg2 Bf5 4. c4 c6 5. cxd5 cxd5 6. Qb3 Qc8 7. Nc3 e6 8. d3
Be7 9. Bf4 O-O 10. Rc1 Nc6 11. O-O Nh5 12. Be3 Qd7 13. Nd4 Bg6 14. Nxc6 bxc6
15. Na4 f5 16. Qc3 Rfc8 17. Nc5 Qd6 18. Bd4 Bf6 19. f4 Bxd4+ 20. Qxd4 Nf6 21.
Qe5 Qxe5 22. fxe5 Ng4 23. Nxe6 Nxe5 24. Nd4 Bf7 25. Rxf5 Re8 26. b3 a5 27. a3
Ra6 28. Rc5 h6 29. Bh3 Nd7 30. Rc2 c5 31. Rxf7 Ne5 32. Rd7 1-0

[Event "Mitropa Cup 33rd"]
[Site "Ruzomberok"]
[Date "2014.05.31"]
[Round "9.1"]
[White "Zilka, Stepan"]
[Black "Shengelia, Davit"]
[Result "1-0"]
[WhiteElo "2549"]
[BlackElo "2562"]
[PlyCount "91"]
[EventDate "2014.05.23"]
[EventType "team-tourn"]
[EventRounds "9"]
[EventCountry "SVK"]
[Source "ChessBase"]
[SourceDate "2014.07.01"]
[WhiteTeam "Czech Republic"]
[BlackTeam "Austria"]
[WhiteTeamCountry "CZE"]
[BlackTeamCountry "AUT"]

1. d4 Nf6 2. c4 e6 3. Nf3 d5 4. g3 Bb4+ 5. Bd2 Bxd2+ 6. Nbxd2 b6 7. Bg2 Bb7 8.
O-O Nbd7 9. cxd5 Bxd5 10. Re1 Ne4 11. Nh4 Ndf6 12. Nxe4 Bxe4 13. Bxe4 Nxe4 14.
Qc2 Qd5 15. Qxc7 O-O 16. Qe5 Qxe5 17. dxe5 g5 18. Ng2 Rac8 19. Ne3 Rc5 20. f3
Nd2 21. Kf2 Nc4 22. Nxc4 Rxc4 23. Rac1 Ra4 24. a3 Ra5 25. f4 Rb5 26. b4 a5 27.
Rc4 axb4 28. axb4 Rd8 29. Ke3 Kg7 30. Ra1 Rd7 31. Ra3 Kg6 32. Ra8 h6 33. Rg8+
Kh7 34. Re8 Kg6 35. Kf3 Ra7 36. Rg8+ Kh7 37. Rd8 Kg6 38. e3 f5 39. h3 h5 40.
Rg8+ Rg7 41. Rxg7+ Kxg7 42. Rd4 g4+ 43. Kg2 h4 44. hxg4 fxg4 45. gxh4 Kg6 46.
e4 1-0

[Event "Mitropa Cup 33rd"]
[Site "Ruzomberok"]
[Date "2014.05.24"]
[Round "2.2"]
[White "Zilka, Stepan"]
[Black "Michalik, Peter"]
[Result "0-1"]
[WhiteElo "2549"]
[BlackElo "2562"]
[PlyCount "80"]
[EventDate "2014.05.23"]
[EventType "team-tourn"]
[EventRounds "9"]
[EventCountry "SVK"]
[Source "ChessBase"]
[SourceDate "2014.07.01"]
[WhiteTeam "Czech Republic"]
[BlackTeam "Slovakia"]
[WhiteTeamCountry "CZE"]
[BlackTeamCountry "SVK"]

1. d4 Nf6 2. c4 e6 3. Nf3 b6 4. g3 Ba6 5. Qc2 Bb4+ 6. Bd2 Bxd2+ 7. Nbxd2 c5 8.
e4 O-O 9. e5 Ne8 10. Bd3 f5 11. d5 Bb7 12. h4 Qe7 13. d6 Qd8 14. Rg1 Nc6 15. a3
g6 16. Qc3 Ng7 17. b4 cxb4 18. axb4 a6 19. Rb1 a5 20. b5 Nb4 21. Be2 Rc8 22.
Kf1 h6 23. Rb3 Kh7 24. Bd1 Rc5 25. Qd4 Qa8 26. g4 fxg4 27. Qxg4 Qe8 28. Ne4
Bxe4 29. Qxe4 Qf7 30. Rg5 Nf5 31. Be2 Kh8 32. Rg2 Kh7 33. Kg1 Qe8 34. Qg4 Ng7
35. Qe4 Nh5 36. Rg4 Qf7 37. Qb7 Rxe5 38. Nxe5 Qxf2+ 39. Kh1 Qe1+ 40. Rg1 Qxh4+
0-1

[Event "Mitropa Cup 33rd"]
[Site "Ruzomberok"]
[Date "2014.05.31"]
[Round "9.2"]
[White "Acs, Peter"]
[Black "Heimann, Andreas"]
[Result "1-0"]
[WhiteElo "2572"]
[BlackElo "2524"]
[PlyCount "141"]
[EventDate "2014.05.23"]
[EventType "team-tourn"]
[EventRounds "9"]
[EventCountry "SVK"]
[Source "ChessBase"]
[SourceDate "2014.07.01"]
[WhiteTeam "Hungary"]
[BlackTeam "Germany"]
[WhiteTeamCountry "HUN"]
[BlackTeamCountry "GER"]

1. e4 e5 2. Nf3 Nc6 3. Bb5 a6 4. Ba4 Nf6 5. O-O Be7 6. Re1 b5 7. Bb3 O-O 8. h3
Bb7 9. d3 d5 10. exd5 Nxd5 11. Nxe5 Nxe5 12. Rxe5 Qd6 13. Re1 Rae8 14. Nd2 c5
15. Ne4 Qc6 16. c4 Nb6 17. f3 Bh4 18. Re2 bxc4 19. dxc4 f5 20. Nc3 Qg6 21. Qf1
Qd6 22. Bd2 Rxe2 23. Qxe2 Bc6 24. Rd1 Re8 25. Qf1 Qg3 26. Bc2 g6 27. b3 Bf6 28.
Ne2 Qe5 29. Bd3 Qb2 30. Bb1 Nd7 31. Nf4 Bd4+ 32. Kh1 Ne5 33. Nd5 Kf7 34. Nb6
Nd7 35. Nd5 Ne5 36. Be1 Nd7 37. Nf4 Nf6 38. Bd2 Be3 39. Nd3 Qd4 40. Ba5 Bb7 41.
Bc7 Qc3 42. Qe1 Qxe1+ 43. Rxe1 Bd4 44. Rxe8 Kxe8 45. Bh2 Kd7 46. Bg1 Bxg1 47.
Kxg1 Kd6 48. Kf2 g5 49. g3 g4 50. Nf4 Ke5 51. fxg4 fxg4 52. h4 Be4 53. Bxe4
Nxe4+ 54. Ke3 a5 55. Nd3+ Kf5 56. a3 h6 57. h5 Nxg3 58. Nxc5 Nxh5 59. Nb7 Nf4
60. Nd6+ Ke6 61. Kxf4 Kxd6 62. Kxg4 Kc5 63. Kh5 a4 64. b4+ Kxc4 65. Kxh6 Kd5
66. Kg7 Kc6 67. Kg6 Kb6 68. Kf6 Kb7 69. Ke5 Ka6 70. Kd4 Kb6 71. Ke4 1-0

[Event "Mitropa Cup 33rd"]
[Site "Ruzomberok"]
[Date "2014.05.30"]
[Round "8.2"]
[White "Krejci, Jan1"]
[Black "Acs, Peter"]
[Result "0-1"]
[WhiteElo "2525"]
[BlackElo "2572"]
[PlyCount "126"]
[EventDate "2014.05.23"]
[EventType "team-tourn"]
[EventRounds "9"]
[EventCountry "SVK"]
[Source "ChessBase"]
[SourceDate "2014.07.01"]
[WhiteTeam "Czech Republic"]
[BlackTeam "Hungary"]
[WhiteTeamCountry "CZE"]
[BlackTeamCountry "HUN"]

1. d4 Nf6 2. c4 e6 3. Nc3 Bb4 4. Qc2 O-O 5. e4 d5 6. e5 Ne4 7. a3 Bxc3+ 8. bxc3
c5 9. Bd3 Qa5 10. Ne2 cxd4 11. cxd5 exd5 12. f3 Nxc3 13. Nxd4 Ne4+ 14. Ke2 f5
15. e6 Nc6 16. Nxc6 bxc6 17. Qxc6 Qc5 18. Qxc5 Nxc5 19. Be3 Nxd3 20. Kxd3 Bxe6
21. Bd4 f4 22. Be5 Rac8 23. Rhc1 Rc4 24. Rxc4 dxc4+ 25. Kc2 g5 26. Rd1 Bf5+ 27.
Kc3 Bd3 28. Rd2 Re8 29. Bd4 a6 30. Rb2 Re1 31. Bf6 h6 32. h4 gxh4 33. Bxh4 Ra1
34. Be7 Kf7 35. Bc5 Ke6 36. Kd4 Rd1 37. Rb7 h5 38. Re7+ Kf6 39. Ra7 h4 40. Bb4
Bf1+ 41. Ke4 Bxg2 42. Be7+ Ke6 43. Bxh4 Rd3 44. Rxa6+ Kd7 45. Kxf4 c3 46. Ra4
Rxf3+ 47. Kg4 Rd3 48. Bf6 Ke6 49. Ra6+ Kd5 50. Ra5+ Kc4 51. Ra4+ Kc5 52. Ra5+
Kc6 53. Ra4 Bf3+ 54. Kf5 Bd5 55. Rd4 Rd2 56. Rb4 c2 57. Bb2 Rd1 58. Rb8 Kd7 59.
Ke5 Bc6 60. Rh8 Rb1 61. Rh7+ Kd8 62. Rh8+ Kc7 63. Rh7+ Bd7 0-1

[Event "Mitropa Cup 33rd"]
[Site "Ruzomberok"]
[Date "2014.05.28"]
[Round "6.2"]
[White "Petrik, Tomas"]
[Black "Acs, Peter"]
[Result "0-1"]
[WhiteElo "2511"]
[BlackElo "2572"]
[PlyCount "94"]
[EventDate "2014.05.23"]
[EventType "team-tourn"]
[EventRounds "9"]
[EventCountry "SVK"]
[Source "ChessBase"]
[SourceDate "2014.07.01"]
[WhiteTeam "Slovakia"]
[BlackTeam "Hungary"]
[WhiteTeamCountry "SVK"]
[BlackTeamCountry "HUN"]

1. e4 e5 2. Nf3 Nc6 3. Bb5 a6 4. Bxc6 dxc6 5. O-O f6 6. d4 exd4 7. Nxd4 c5 8.
Ne2 Qxd1 9. Rxd1 Bd7 10. Be3 O-O-O 11. Nbc3 Re8 12. Rd2 Bc6 13. Rad1 b6 14. Nf4
Nh6 15. Nfd5 Ng4 16. Bf4 Ne5 17. b3 Kb7 18. Ne3 g6 19. Ncd5 Bg7 20. f3 Rhf8 21.
h4 f5 22. exf5 gxf5 23. h5 h6 24. Kf2 Rf7 25. c4 Ref8 26. Rh1 Be8 27. Ke2 a5
28. Rh3 Nc6 29. Rg3 Nd4+ 30. Kf2 Ne6 31. Rxg7 Nxg7 32. Bxh6 Rh8 33. Bxg7 Rxg7
34. Nxf5 Rd7 35. Re2 Bxh5 36. Nf4 Bf7 37. g4 b5 38. cxb5 c4 39. bxc4 Bxc4 40.
Rb2 Rh1 41. Ne3 Bf7 42. Ne2 Rd3 43. Rc2 Ra3 44. Nc3 Bg6 45. Ne4 Rh2+ 46. Ng2
Rh3 47. Nc5+ Ka7 0-1

[Event "Mitropa Cup 33rd"]
[Site "Ruzomberok"]
[Date "2014.05.27"]
[Round "5.2"]
[White "Heimann, Andreas"]
[Black "Krejci, Jan1"]
[Result "1/2-1/2"]
[WhiteElo "2524"]
[BlackElo "2525"]
[PlyCount "60"]
[EventDate "2014.05.23"]
[EventType "team-tourn"]
[EventRounds "9"]
[EventCountry "SVK"]
[Source "ChessBase"]
[SourceDate "2014.07.01"]
[WhiteTeam "Germany"]
[BlackTeam "Czech Republic"]
[WhiteTeamCountry "GER"]
[BlackTeamCountry "CZE"]

1. e4 e5 2. Nf3 Nf6 3. Nxe5 d6 4. Nf3 Nxe4 5. Nc3 Nxc3 6. dxc3 Be7 7. Bf4 Nc6
8. Qd2 Be6 9. O-O-O Qd7 10. Kb1 a6 11. Bd3 h6 12. Rhe1 O-O-O 13. Be3 Bf6 14. h3
Rhe8 15. Bf1 Kb8 16. Nd4 Nxd4 17. Bxd4 Bxd4 18. Qxd4 f6 19. Re3 Bf7 20. Rde1
Rxe3 21. Rxe3 Re8 22. Bd3 Rxe3 23. Qxe3 Qe6 24. Qxe6 Bxe6 25. h4 d5 26. Kc1 c5
27. Kd2 Kc7 28. Ke3 Kd6 29. a3 a5 30. Bg6 Ke5 1/2-1/2

[Event "Mitropa Cup 33rd"]
[Site "Ruzomberok"]
[Date "2014.05.24"]
[Round "2.3"]
[White "Baramidze, David"]
[Black "Demuth, Adrien"]
[Result "0-1"]
[WhiteElo "2610"]
[BlackElo "2476"]
[PlyCount "68"]
[EventDate "2014.05.23"]
[EventType "team-tourn"]
[EventRounds "9"]
[EventCountry "SVK"]
[Source "ChessBase"]
[SourceDate "2014.07.01"]
[WhiteTeam "Germany"]
[BlackTeam "France"]
[WhiteTeamCountry "GER"]
[BlackTeamCountry "FRA"]

1. d4 d5 2. c4 e6 3. g3 Nf6 4. Bg2 Be7 5. Nf3 O-O 6. O-O c5 7. dxc5 Bxc5 8. a3
dxc4 9. Qc2 Nc6 10. Qxc4 Be7 11. Qc2 e5 12. Nc3 Be6 13. Rd1 Qc8 14. b4 Rd8 15.
Rxd8+ Bxd8 16. Be3 Ng4 17. Bc5 Bf5 18. Qd2 b6 19. Bd6 e4 20. Ne1 Qe6 21. Rc1
Bf6 22. h3 Nxf2 23. g4 Nxh3+ 24. Bxh3 Bxg4 25. Bxg4 Qxg4+ 26. Ng2 Rd8 27. Nd5
Bd4+ 28. e3 Rxd6 29. b5 Ne5 30. Rc8+ Qxc8 31. Ne7+ Kf8 32. Nxc8 Nf3+ 33. Kf2
Nxd2 34. Nxd6 Bc5 0-1

[Event "Mitropa Cup 33rd"]
[Site "Ruzomberok"]
[Date "2014.05.29"]
[Round "7.1"]
[White "Baramidze, David"]
[Black "Gallagher, Joseph G"]
[Result "1-0"]
[WhiteElo "2610"]
[BlackElo "2472"]
[PlyCount "75"]
[EventDate "2014.05.23"]
[EventType "team-tourn"]
[EventRounds "9"]
[EventCountry "SVK"]
[Source "ChessBase"]
[SourceDate "2014.07.01"]
[WhiteTeam "Germany"]
[BlackTeam "Switzerland"]
[WhiteTeamCountry "GER"]
[BlackTeamCountry "SUI"]

1. d4 Nf6 2. c4 g6 3. Nc3 Bg7 4. g3 O-O 5. Bg2 d6 6. Nf3 c6 7. O-O Bf5 8. b3
Ne4 9. Bb2 Nxc3 10. Bxc3 Be4 11. Rc1 Nd7 12. Qd2 d5 13. Qf4 a5 14. Rfd1 e6 15.
a4 Bxf3 16. Bxf3 f5 17. Qd6 Re8 18. Bg2 Bf8 19. Qf4 Nf6 20. Rb1 Bd6 21. Qd2 Re7
22. Kh1 Rf7 23. Kg1 Bc7 24. f3 Nh5 25. e3 Nf6 26. Rf1 Bb6 27. Rbe1 Qf8 28. Qc2
Qh6 29. e4 fxe4 30. fxe4 Raf8 31. Qe2 c5 32. Bd2 g5 33. exd5 cxd4 34. Qxe6 Bc5
35. Re5 d3+ 36. Kh1 Kh8 37. Ref5 Ng4 38. Qxh6 1-0

[Event "Mitropa Cup 33rd"]
[Site "Ruzomberok"]
[Date "2014.05.30"]
[Round "8.1"]
[White "Demuth, Adrien"]
[Black "Markos, Jan"]
[Result "1/2-1/2"]
[WhiteElo "2476"]
[BlackElo "2599"]
[PlyCount "80"]
[EventDate "2014.05.23"]
[EventType "team-tourn"]
[EventRounds "9"]
[EventCountry "SVK"]
[Source "ChessBase"]
[SourceDate "2014.07.01"]
[WhiteTeam "France"]
[BlackTeam "Slovakia"]
[WhiteTeamCountry "FRA"]
[BlackTeamCountry "SVK"]

1. d4 Nf6 2. c4 e6 3. Nc3 Bb4 4. Qc2 O-O 5. e4 d6 6. e5 dxe5 7. dxe5 Ng4 8. Nf3
Nc6 9. Bf4 Bc5 10. Ne4 Bb4+ 11. Nc3 Bc5 12. Ne4 Bb4+ 13. Nc3 Nd4 14. Qd2 Nxf3+
15. gxf3 Qxd2+ 16. Kxd2 Nh6 17. Bxh6 gxh6 18. Rg1+ Kh8 19. Bd3 f6 20. a3 Be7
21. Kc2 Bd7 22. Rad1 Rad8 23. Be4 c6 24. exf6 Bxf6 25. Ne2 e5 26. Nc1 Be6 27.
b3 Rd4 28. Ne2 Rxd1 29. Rxd1 Be7 30. Nc1 Rf4 31. Nd3 Rh4 32. Nxe5 Rxh2 33. Nd3
Bg5 34. Re1 Bh3 35. Kd1 h5 36. Rg1 Bf6 37. Ke2 Bd4 38. Rg5 Bf6 39. Rg1 Bd4 40.
Rg5 Bf6 1/2-1/2

[Event "Mitropa Cup 33rd"]
[Site "Ruzomberok"]
[Date "2014.05.25"]
[Round "3.4"]
[White "Heimann, Andreas"]
[Black "Petrik, Tomas"]
[Result "1/2-1/2"]
[WhiteElo "2524"]
[BlackElo "2511"]
[PlyCount "78"]
[EventDate "2014.05.23"]
[EventType "team-tourn"]
[EventRounds "9"]
[EventCountry "SVK"]
[Source "ChessBase"]
[SourceDate "2014.07.01"]
[WhiteTeam "Germany"]
[BlackTeam "Slovakia"]
[WhiteTeamCountry "GER"]
[BlackTeamCountry "SVK"]

1. d4 Nf6 2. c4 e6 3. Nc3 Bb4 4. Qc2 O-O 5. Nf3 c5 6. dxc5 Na6 7. g3 Nxc5 8.
Bg2 Nce4 9. O-O Nxc3 10. bxc3 Be7 11. e4 d6 12. e5 dxe5 13. Nxe5 Qc7 14. Qe2
Nd7 15. Bf4 Nxe5 16. Bxe5 Bd6 17. Bxd6 Qxd6 18. Rab1 Rb8 19. Rfd1 Qc7 20. Qd3
b6 21. Qd6 Qxd6 22. Rxd6 Bb7 23. Rd7 Bxg2 24. Kxg2 a5 25. a4 g6 26. c5 bxc5 27.
Rxb8 Rxb8 28. Rc7 Rb3 29. Rxc5 Ra3 30. Rxa5 Rxc3 31. g4 h6 32. h4 Rc4 33. Kg3
f5 34. gxf5 exf5 35. Ra7 Rg4+ 36. Kh3 Rf4 37. Kg3 Rg4+ 38. Kh3 Rf4 39. Kg3 Rg4+
1/2-1/2

[Event "Mitropa Cup 33rd"]
[Site "Ruzomberok"]
[Date "2014.05.24"]
[Round "2.2"]
[White "Petrik, Tomas"]
[Black "Krejci, Jan1"]
[Result "1/2-1/2"]
[WhiteElo "2511"]
[BlackElo "2525"]
[PlyCount "72"]
[EventDate "2014.05.23"]
[EventType "team-tourn"]
[EventRounds "9"]
[EventCountry "SVK"]
[Source "ChessBase"]
[SourceDate "2014.07.01"]
[WhiteTeam "Slovakia"]
[BlackTeam "Czech Republic"]
[WhiteTeamCountry "SVK"]
[BlackTeamCountry "CZE"]

1. e4 c5 2. Nf3 d6 3. d4 cxd4 4. Nxd4 Nf6 5. Nc3 Nc6 6. Bg5 e6 7. Qd2 a6 8.
O-O-O Bd7 9. f4 b5 10. Bxf6 gxf6 11. Kb1 Qb6 12. Nxc6 Bxc6 13. Qe1 Be7 14. Bd3
Qc5 15. Rf1 b4 16. Ne2 a5 17. c3 Rb8 18. Rc1 b3 19. axb3 Rxb3 20. Nd4 Rb8 21.
Nxc6 Qxc6 22. Qe2 Rg8 23. f5 Qc5 24. Bc4 Kd7 25. Rc2 a4 26. Ba2 a3 27. Qh5 Qe3
28. b4 Rg7 29. fxe6+ fxe6 30. Qa5 Qxe4 31. g3 Ra8 32. Qb5+ Kd8 33. Bxe6 Qxe6
34. Qb6+ Kc8 35. Qc6+ Kb8 36. Qb6+ Kc8 1/2-1/2

[Event "Mitropa Cup 33rd"]
[Site "Ruzomberok"]
[Date "2014.05.31"]
[Round "9.3"]
[White "Svane, Rasmus"]
[Black "Hera, Imre Jr"]
[Result "1/2-1/2"]
[WhiteElo "2490"]
[BlackElo "2559"]
[PlyCount "109"]
[EventDate "2014.05.23"]
[EventType "team-tourn"]
[EventRounds "9"]
[EventCountry "SVK"]
[Source "ChessBase"]
[SourceDate "2014.07.01"]
[WhiteTeam "Germany"]
[BlackTeam "Hungary"]
[WhiteTeamCountry "GER"]
[BlackTeamCountry "HUN"]

1. c4 c6 2. Nf3 d5 3. e3 Nf6 4. Nc3 Bf5 5. cxd5 cxd5 6. Qb3 Bc8 7. Bb5+ Nc6 8.
Ne5 Bd7 9. d4 e6 10. Nxd7 Qxd7 11. O-O Bd6 12. Bd2 O-O 13. Rfc1 Rac8 14. Na4
Qe7 15. Qd1 e5 16. dxe5 Qxe5 17. g3 Qf5 18. Be1 Rfd8 19. Bd3 Qe6 20. Qf3 Ne5
21. Qf5 Nxd3 22. Qxd3 Qh3 23. Qf1 Qh5 24. Nc3 Ng4 25. Qg2 Ne5 26. Rd1 Nf3+ 27.
Kh1 Bb8 28. Rd3 Qf5 29. Rdd1 h5 30. Rac1 Kh7 31. Ne2 Be5 32. Bc3 Bxc3 33. bxc3
Qe4 34. Nd4 Ne5 35. Kg1 Rc4 36. Nb3 Nf3+ 37. Kh1 Rdc8 38. Nd2 Nxd2 39. Rxd2
Rxc3 40. Rxc3 Rxc3 41. Qxe4+ dxe4 42. Rd7 Kg6 43. Rxb7 Rc2 44. Kg2 Rxa2 45. h3
f5 46. g4 hxg4 47. hxg4 f4 48. exf4 e3 49. Re7 exf2 50. Re6+ Kf7 51. f5 Ra4 52.
Kxf2 Rxg4 53. Ra6 Rf4+ 54. Kg3 Rxf5 55. Rxa7+ 1/2-1/2

[Event "Mitropa Cup 33rd"]
[Site "Ruzomberok"]
[Date "2014.05.29"]
[Round "7.1"]
[White "Demuth, Adrien"]
[Black "Duda, Jan Krzysztof"]
[Result "1/2-1/2"]
[WhiteElo "2476"]
[BlackElo "2587"]
[PlyCount "120"]
[EventDate "2014.05.23"]
[EventType "team-tourn"]
[EventRounds "9"]
[EventCountry "SVK"]
[Source "ChessBase"]
[SourceDate "2014.07.01"]
[WhiteTeam "France"]
[BlackTeam "Poland"]
[WhiteTeamCountry "FRA"]
[BlackTeamCountry "POL"]

1. Nf3 d5 2. c4 d4 3. b4 f6 4. e3 e5 5. c5 a5 6. Qa4+ Bd7 7. b5 Bxc5 8. Bc4 Ne7
9. exd4 exd4 10. Ba3 Na6 11. O-O Nb4 12. d3 Bf5 13. Rc1 b6 14. Qb3 Qd6 15. Nbd2
O-O-O 16. Nh4 Bg6 17. Re1 Ned5 18. Ndf3 Nf4 19. Nxg6 hxg6 20. Bc1 Nbd5 21. Re4
Rde8 22. g3 Nh3+ 23. Kg2 Nxf2 24. Bxd5 Nxe4 25. dxe4 Qd7 26. h4 Qg4 27. Qd3 g5
28. Nh2 Qh5 29. Qf3 gxh4 30. Qxh5 Rxh5 31. Bf7 Rhh8 32. Bxe8 Rxe8 33. gxh4 Rxe4
34. Nf3 Kd7 35. Bd2 c6 36. Re1 Rxe1 37. bxc6+ Kxc6 38. Nxe1 Kd5 39. Kf3 Kc4 40.
h5 a4 41. Ke2 b5 42. Nd3 Ba3 43. Bf4 Kc3 44. Bc7 Bf8 45. Ba5+ Kc2 46. Bb6 Kb1
47. Bxd4 Kxa2 48. Kd2 b4 49. Bc5 Bxc5 50. Nxc5 Ka3 51. Kc2 b3+ 52. Kb1 f5 53.
Nd3 b2 54. Nxb2 Kb3 55. Nxa4 Kxa4 56. Kc2 Kb4 57. Kd3 Kc5 58. Ke3 Kd5 59. Kf4
Ke6 60. Kg5 Ke5 1/2-1/2